书目信息 |
| 题名: |
你来定义 你的人生
|
|
| 作者: | 钟婉 著 | |
| 分册: | ||
| 出版信息: | 北京 民主与建设出版社有限责任公司 2022.03 |
|
| 页数: | 253页 | |
| 开本: | 21cm | |
| 丛书名: | ||
| 单 册: | ||
| 中图分类: | K828.3 | |
| 科图分类: | ||
| 主题词: | ||
| 电子资源: | ||
| ISBN: | 978-7-5139-3774-0 | |
| 000 | 00832nam0 2200229 450 | |
| 001 | 011025154505 | |
| 005 | 20221025154505.0 | |
| 010 | @a978-7-5139-3774-0@dCNY63.00 | |
| 100 | @a20201004d2022 em y0chiy0120 ea | |
| 101 | 0 | @achi |
| 102 | @aCN@b110000 | |
| 105 | @aa z 000yd | |
| 106 | @ar | |
| 200 | 1 | @a你来定义 你的人生@Ani lai ding yi ni de ren sheng@dYou define your life@e从零到年销售额破亿“老钟驾到”创始人的人生改变之路@f钟婉著@zeng |
| 210 | @a北京@c民主与建设出版社有限责任公司@d2022.03 | |
| 215 | @a253页@c彩照@d21cm | |
| 330 | @a本书是“选品女王”钟婉独家心路历程披露,告诉你如何同时拥有梦想、事业、财富、家庭、智慧和美貌。 | |
| 510 | 1 | @aYou define your life@zeng |
| 610 | 0 | @a钟婉@Azhong wan@x生平事迹 |
| 690 | @aK828.3@v5 | |
| 701 | 0 | @a钟婉@Azhong wan@c(女)@4著 |
| 905 | @a河南城建学院图书馆@dK828.3@eZ733 | |
| 你来定义 你的人生=You define your life:从零到年销售额破亿“老钟驾到”创始人的人生改变之路/钟婉著.-北京:民主与建设出版社有限责任公司,2022.03 |
| 253页:彩照;21cm |
| ISBN 978-7-5139-3774-0:CNY63.00 |
| 本书是“选品女王”钟婉独家心路历程披露,告诉你如何同时拥有梦想、事业、财富、家庭、智慧和美貌。 |
| ● |
| 相关链接 |
|
|
|
正题名:你来定义 你的人生
索取号:K828.3/Z733
 
预约/预借
| 序号 | 登录号 | 条形码 | 馆藏地/架位号 | 状态 | 备注 |
| 1 | 1590432 | 215904323 | 社科库309/309社科库 60排1列3层/ [索取号:K828.3/Z733] | 在馆 | |
| 2 | 1590433 | 215904332 | 社科库309/309社科库 60排1列3层/ [索取号:K828.3/Z733] | 在馆 |